000 00454ntaaa2200181 4500
003 01
005 20251027201919.0
008 0714s1973 ag 01
040 _aAR-BaBN
_bspa
_cAR-BaBN
_eaacr
_dRIC
082 _a244.1000 W93
100 _aWright, Anna P.
_917645
245 _aPregunta de Rosa María
250 _a1 ed. :
_bEscola Bíblica de Ar.,
_cc/953
300 _a100 p.
650 _aVida Cristiana
650 _aNovela Religiosa
942 _cBK
999 _c13830
_d13830